| 000 | 00525nam a2200205Ia 4500 | ||
|---|---|---|---|
| 008 | 210210b1994 xxu||||| |||| 00| 0 eng d | ||
| 020 | _a0 443 0595 0 | ||
| 041 | _aeng | ||
| 082 | _a574.29 JANI | ||
| 100 | _aJANEWAY (Charles A) & TRAVERS (Paul). | ||
| 245 | _aImmuno biology: the immune system in health & disease.Ed 3. | ||
| 250 | _a | ||
| 260 |
_aLondon. _bNot Mentioned _c1994 |
||
| 300 | _axxi,I-21 | ||
| 650 | _aImmune | ||
| 650 | _aHealth | ||
| 650 | _aDisease | ||
| 690 | _aImmunology | ||
| 906 | _aSG03829 | ||
| 999 |
_c114555 _d114555 |
||